000 00622nam a2200229Ia 4500
003 OSt
005 20221007080533.0
006 a|||||r|||| 00| 0
007 ta
008 221006b |||||||| |||| 00| 0 eng d
024 _a11,590
037 _cTextual
040 _aFLL
_cFLL
_beng
041 _2eng
_aeng
082 _aV1N45:1:N7, L0
100 _aKhan Rahmatullah Au.
245 0 _aImplied powers of the united nations
260 _aNew Delhi
_bVikas pub. India
_c1970
300 _axii,236p
_ccm.
942 _hV1N45:1:N7, L0
_cTEXL
_2CC
999 _c1160019
_d1160019